Statistics for Pacific Time Zone States

Click here to take the quiz!

General Stats

  • This quiz has been taken 33 times
  • The average score is 5 of 5

Answer Stats

State% Correct
California
100%
Oregon
100%
Nevada
97%
Washington
97%
Idaho
90%

Score Distribution

Percentile by Number Answered

Percent of People with Each Score

Your Score History

You have not taken this quiz